Gare TGV d'Ile de France - Statistiques

Statistiques générales
  • Ce quiz a été pris 381 fois
  • Le résultat moyen est 7 sur 10
Statistiques - réponses
Localisation Fréquentations (2023) Réponses % Correct
Intra-muros 226 768 485 Gare du Nord
97%
Intra-muros 110 498 896 Gare de Lyon
94%
Intra-muros 39 877 017 Gare de l'Est
92%
Intra-muros 64 471 254 Gare Montparnasse
84%
Extra-muros 4 319 252 Marne la Vallée
75%
Extra-muros 15 394 518 Aéroport Charles de Gaulle 2 TGV
67%
Extra-muros 1 968 462 Massy TGV
57%
Extra-muros 7 877 252 Massy Palaiseau
48%
Extra-muros 21 427 872 Versailles Chantiers
41%
Extra-muros 8 983 680 Mantes-la-Jolie
38%
Aucun quiz correspondant
Distribution des résultats
% des personnes avec chaque résultat
Percentile par nombre de réponses
Votre historique - résultats
Vous n’avez pas pris ce quiz